[Event "Sparkassen Open A"]
[Site "Dortmund GER"]
[Date "2011.07.29"]
[Round "7.9"]
[White "Steinmetzer, Thomas"]
[Black "Schiefelbusch, Dirk"]
[Result "1-0"]
[WhiteElo "2083"]
[BlackElo "2128"]
[WhiteFideId "4689690"]
[BlackFideId "4694139"]
[EventDate "2011.07.23"]

1. e4 c6 2. d4 d5 3. e5 Bf5 4. Nf3 e6 5. Be2 Nd7 6. O-O Ne7 7. b3 Ng6 8. c4 Be7
9. Be3 O-O 10. Nc3 dxc4 11. bxc4 c5 12. Qb3 cxd4 13. Bxd4 Qa5 14. Qxb7 Nc5 15.
Qb5 Qc7 16. Bxc5 Bxc5 17. Na4 Be7 18. c5 Nxe5 19. Nxe5 Qxe5 20. Bf3 Rac8 21.
Rfe1 Qf4 22. Rac1 Rc7 23. Re3 Rfc8 24. Rc4 Qh6 25. c6 Bd6 26. g3 Qf6 27. Kg2 h6
28. Nc3 Qd8 29. Qa4 Qf8 30. Nb5 Bc5 31. Rec3 Bb6 32. Nxc7 Rxc7 33. Qb4 Qd8 34.
Rc1 Qd3 35. Rd1 Bh3+ 36. Kxh3 Qxf3 37. Rd8+ Kh7 38. Qf8 h5 39. Rf4 Qe2 40. Rd7
Rxc6 41. Rdxf7 Qf1+ 42. Kh4 Qa1 43. Rxg7+ Qxg7 44. Rf7 Bd4 45. Rxg7+ Bxg7 46.
Qe8 Bf6+ 47. Kh3 Ra6 48. Qf7+ Bg7 49. Qxh5+ Kg8 50. a4 Rd6 51. Qc5 Bf8 52. Qxa7
Rd5 53. a5 Bc5 54. Qb8+ Kf7 55. f4 Rh5+ 56. Kg2 Rd5 57. a6 Rd7 58. Qc8 Rd5 59.
a7 Bxa7 60. Qb7+ Kf6 1-0

[Event "Sparkassen Open A"]
[Site "Dortmund GER"]
[Date "2011.07.29"]
[Round "7.10"]
[White "Albers, Damian"]
[Black "Bramkamp, Rainer"]
[Result "1-0"]
[WhiteElo "2091"]
[BlackElo "2115"]
[WhiteFideId "4695186"]
[BlackFideId "4667298"]
[EventDate "2011.07.23"]

1. e4 c6 2. Ne2 d5 3. e5 c5 4. d4 Nc6 5. c3 Bg4 6. Be3 cxd4 7. cxd4 e6 8. f3
Bb4+ 9. Nbc3 Bf5 10. g4 Bg6 11. a3 Bxc3+ 12. Nxc3 Nge7 13. Rc1 f6 14. exf6 gxf6
15. Bh6 Rg8 16. Bb5 a6 17. Bxc6+ Nxc6 18. Na4 e5 19. dxe5 fxe5 20. O-O Bf7 21.
Qb3 Rb8 22. Qe3 Qd6 23. Bf4 d4 24. Qe1 Kf8 25. Rxc6 Qxc6 26. Bxe5 Qxa4 27. Bd6+
Kg7 28. Qe5+ Kh6 29. Qf6+ Rg6 30. Bf4# 1-0

[Event "Sparkassen Open A"]
[Site "Dortmund GER"]
[Date "2011.07.29"]
[Round "7.11"]
[White "Boehm, Juergen2"]
[Black "Butschek, Marc"]
[Result "1-0"]
[WhiteElo "2220"]
[BlackElo "1891"]
[WhiteFideId "4606434"]
[BlackFideId "4630904"]
[EventDate "2011.07.23"]

1. d4 f5 2. Nf3 Nf6 3. h3 d6 4. g4 fxg4 5. hxg4 Bxg4 6. Ng5 Qd7 7. Qd3 Bf5 8. e4
Nxe4 9. Nxe4 Qe6 10. Nc3 d5 11. f3 dxe4 12. fxe4 Nd7 13. Bf4 c6 14. O-O-O Bg4
15. Rd2 O-O-O 16. Qa6 Qf6 17. Bg3 e5 18. Qxa7 Bd6 19. d5 Bc5 20. Qa8+ Kc7 21.
Qa5+ Bb6 22. Qa3 Qf3 23. Bg2 Qf8 24. d6+ Kb8 25. Na4 Ba7 26. b4 Bd4 27. Rxd4
exd4 28. Nb6 1-0

[Event "Sparkassen Open A"]
[Site "Dortmund GER"]
[Date "2011.07.29"]
[Round "7.12"]
[White "Kuznetsov, Mark"]
[Black "Evers, Leo"]
[Result "1-0"]
[WhiteElo "2184"]
[BlackElo "2101"]
[WhiteFideId "24648019"]
[BlackFideId "4633490"]
[EventDate "2011.07.23"]

1. d4 Nf6 2. Nf3 c5 3. e3 e6 4. Be2 b6 5. c4 Bb7 6. Nc3 d5 7. cxd5 Nxd5 8. Ne5
Bd6 9. Bb5+ Ke7 10. Qf3 Bxe5 11. dxe5 Qc7 12. Nxd5+ Bxd5 13. Qg3 Nd7 14. e4 Bc6
15. Bg5+ Kf8 16. Bxc6 Qxc6 17. O-O-O h6 18. Rd6 Qxe4 19. Rxd7 hxg5 20. Qxg5 Qh4
21. Qd2 g6 22. f4 Kg7 23. g3 Qg4 24. Rd1 Qf5 25. h4 Qg4 26. Qe3 Qh3 27. Qf3 1-0

[Event "Sparkassen Open A"]
[Site "Dortmund GER"]
[Date "2011.07.29"]
[Round "7.14"]
[White "Linker, Walter"]
[Black "Wittenberg, Andreas"]
[Result "0-1"]
[WhiteElo "2112"]
[BlackElo "2166"]
[WhiteFideId "24619280"]
[BlackFideId "24678155"]
[EventDate "2011.07.23"]

1. f4 d5 2. Nf3 Nf6 3. e3 Bg4 4. Be2 Nbd7 5. O-O Bxf3 6. Bxf3 e5 7. c4 e4 8. Be2
c6 9. Nc3 Bc5 10. d4 exd3 11. Qxd3 dxc4 12. Qxc4 Qe7 13. Rf3 Nb6 14. Qb3 O-O 15.
Kh1 Rfe8 16. h3 Rad8 17. a3 h5 18. Qc2 Ng4 19. Ne4 Qxe4 20. Qxc5 Rd5 21. Qb4 Qc2
22. hxg4 hxg4 23. Rf2 g3 24. Qe1 Qh7+ 0-1

[Event "Sparkassen Open A"]
[Site "Dortmund GER"]
[Date "2011.07.29"]
[Round "7.15"]
[White "Baumhackel, Mario"]
[Black "Neuer, Thomas"]
[Result "1/2-1/2"]
[WhiteElo "2157"]
[BlackElo "2096"]
[WhiteFideId "4636953"]
[BlackFideId "24604089"]
[EventDate "2011.07.23"]

1. d4 e6 2. Nf3 f5 3. g3 Nf6 4. Bg2 d5 5. O-O Bd6 6. b3 Qe7 7. c4 c6 8. Nc3 O-O
9. Bb2 Nbd7 10. Rc1 b6 11. cxd5 exd5 12. e3 Ba6 13. Re1 Rac8 14. Nd2 Ne4 15. Bf1
Bxf1 16. Nxf1 Ndf6 17. f3 Nxc3 18. Bxc3 Rfe8 19. Qd3 g6 20. Rc2 Rc7 21. Rec1 Ba3
22. Bb2 Rec8 23. Qa6 Bxb2 24. Rxb2 c5 25. Rbc2 Kf7 26. Qd3 cxd4 27. Rxc7 Rxc7
28. Rxc7 Qxc7 29. exd4 1/2-1/2

[Event "Sparkassen Open A"]
[Site "Dortmund GER"]
[Date "2011.07.29"]
[Round "7.18"]
[White "Koke, Christoph"]
[Black "Aulich, Marcell"]
[Result "1/2-1/2"]
[WhiteElo "2131"]
[BlackElo "2086"]
[WhiteFideId "4693213"]
[BlackFideId "24631981"]
[EventDate "2011.07.23"]

1. d4 d5 2. c4 c6 3. Nf3 Nf6 4. e3 Bf5 5. Nc3 e6 6. Nh4 Bg6 7. Be2 Nbd7 8. O-O
Be7 9. g3 dxc4 10. Nxg6 hxg6 11. Bxc4 Nb6 12. Be2 Qd7 13. f4 O-O-O 14. Qc2 Nbd5
15. a3 Rh3 16. Rf2 Rdh8 17. e4 Nxc3 18. bxc3 c5 19. Be3 Qc6 20. Bf3 Kb8 21. Qd3
c4 22. Qb1 Bd8 23. Qc2 Bb6 24. a4 R3h5 25. Ra2 Ra5 26. Kg2 Ka8 27. g4 Bc7 28. h3
Qe8 29. Be2 Qc6 30. Bf3 Qe8 31. Be2 Qc6 32. Bf3 1/2-1/2

[Event "Sparkassen Open A"]
[Site "Dortmund GER"]
[Date "2011.07.29"]
[Round "7.19"]
[White "Beutelhoff, Josef"]
[Black "Conrad, Joachim"]
[Result "0-1"]
[WhiteElo "2128"]
[BlackElo "2079"]
[WhiteFideId "4621336"]
[BlackFideId "24623083"]
[EventDate "2011.07.23"]

1. d4 d6 2. e4 Nd7 3. Nf3 e5 4. Bc4 Be7 5. c3 Ngf6 6. Bxf7+ Kxf7 7. Ng5+ Kg8 8.
Ne6 Qe8 9. Nxc7 Qg6 10. Nxa8 Qxg2 11. Rf1 Qxe4+ 12. Be3 Qc6 13. dxe5 Nxe5 14.
Qb3+ Kf8 15. Nd2 Bf5 16. Bxa7 b5 17. a4 Qxa8 18. axb5 g6 19. Ra4 Nd3+ 20. Kd1
Kg7 21. b6 Qb7 22. Ra5 Nc5 23. Qa2 Nfe4 24. Nb1 Nxf2+ 25. Ke2 Qe4+ 26. Kxf2 Qh4+
27. Kg1 0-1

[Event "Sparkassen Open A"]
[Site "Dortmund GER"]
[Date "2011.07.29"]
[Round "7.20"]
[White "Kropp, Andreas Juergen"]
[Black "Hobusch, Jan"]
[Result "0-1"]
[WhiteElo "2126"]
[BlackElo "1934"]
[WhiteFideId "1271711"]
[BlackFideId "12907634"]
[EventDate "2011.07.23"]

1. e4 c6 2. d3 d5 3. Nd2 e5 4. Ngf3 Bd6 5. g3 Nf6 6. Bg2 O-O 7. O-O Bg4 8. Re1
Nbd7 9. c3 Qc7 10. Qc2 a5 11. Nf1 h6 12. Ne3 Bxf3 13. Bxf3 dxe4 14. dxe4 Rfd8
15. Nc4 Nb6 16. Nxd6 Rxd6 17. Be2 Rad8 18. Be3 c5 19. f3 Qc6 20. Red1 c4 21. Kg2
Rxd1 22. Rxd1 Rxd1 23. Qxd1 Nbd7 24. Qd2 b5 25. b3 cxb3 26. axb3 a4 27. Qb2 a3
28. Qxa3 Qxc3 29. Kf2 b4 30. Qa2 Nc5 31. Bc4 Ncxe4+ 32. fxe4 Ng4+ 33. Kf3 Nxe3
34. Bxf7+ Kh7 35. Qa8 Nd5+ 36. Kg2 Nf6 37. Be6 Kg6 38. h4 Qc2+ 39. Kg1 Qxe4 40.
Qf8 Qe3+ 41. Kg2 Qe2+ 42. Kg1 Qe3+ 43. Kg2 Qe4+ 44. Kg1 h5 45. Bc4 Qf3 46. Bf7+
Kh7 47. Qxb4 Ng4 0-1

[Event "Sparkassen Open A"]
[Site "Dortmund GER"]
[Date "2011.07.29"]
[Round "7.22"]
[White "Fichtner, Ewald"]
[Black "Mulder, Bart-Piet"]
[Result "1/2-1/2"]
[WhiteElo "2038"]
[BlackElo "2260"]
[WhiteFideId "1270194"]
[BlackFideId "1006070"]
[EventDate "2011.07.23"]

1. d4 d5 2. c4 dxc4 3. Nf3 Nf6 4. e3 Bg4 5. Bxc4 e6 6. h3 Bh5 7. Nc3 a6 8. O-O
Nc6 9. Qe2 Bd6 10. g4 Bg6 11. e4 Be7 12. Rd1 O-O 13. d5 exd5 14. Nxd5 Nxd5 15.
Bxd5 Qe8 16. Bf4 Bd6 17. Bxd6 cxd6 18. Rac1 Kh8 19. Qe3 Rb8 20. a3 Qd7 21. Nh4
Rfe8 22. Ng2 f6 23. Nh4 Bf7 24. Bxf7 Qxf7 25. Nf5 Re6 26. Rxd6 g6 27. Rxe6 Qxe6
28. Nd4 Nxd4 29. Qxd4 Qe7 30. Rd1 Re8 31. f3 g5 32. Kf2 Kg7 33. Ke3 Kg6 34. b4
Qc7 35. Qd6 Qc3+ 36. Rd3 Qe1+ 37. Kd4 Qf2+ 38. Kd5 Re7 39. Kc4 Qc2+ 40. Rc3 b5+
41. Kd4 Qf2+ 42. Re3 1/2-1/2

[Event "Sparkassen Open A"]
[Site "Dortmund GER"]
[Date "2011.07.29"]
[Round "7.23"]
[White "Schorra, Helmut"]
[Black "Peter, Sebastian"]
[Result "1/2-1/2"]
[WhiteElo "2110"]
[BlackElo "1974"]
[WhiteFideId "4648692"]
[BlackFideId "24643521"]
[EventDate "2011.07.23"]

1. Nf3 Nf6 2. d4 e6 3. c4 b6 4. g3 Ba6 5. Qa4 c5 6. Bg2 Bb7 7. dxc5 bxc5 8. O-O
Be7 9. Nc3 O-O 10. Rd1 Qb6 11. Qc2 Nc6 12. Bf4 d6 13. b3 Nd4 14. Nxd4 cxd4 15.
Na4 Qc7 16. Bxb7 Qxb7 17. e3 dxe3 18. Bxe3 Ng4 19. Bd4 e5 20. Bb2 f5 21. Qe2 Rf6
22. f3 Nh6 23. c5 f4 24. cxd6 fxg3 25. dxe7 gxh2+ 26. Kxh2 Qxe7 27. Qxe5 Re6 28.
Qd5 Qc7+ 29. Kh3 Re8 30. Qd7 Qxd7 31. Rxd7 Rg6 32. Rad1 Nf7 33. Rxa7 Ng5+ 34.
Kg4 Ne4+ 35. Kf4 Nf2 36. Rxg7+ Rxg7 37. Bxg7 Nxd1 38. Bd4 Re2 39. a3 Nf2 40. Nc3
Nd3+ 41. Kf5 Rb2 42. b4 Rb3 43. b5 Rxa3 44. b6 Nc5 45. f4 Nd7 46. Nd5 Ra4 47. b7
Rb4 1/2-1/2

[Event "Sparkassen Open A"]
[Site "Dortmund GER"]
[Date "2011.07.29"]
[Round "7.24"]
[White "Strathoff, Jens"]
[Black "Simon, Thomas"]
[Result "1/2-1/2"]
[WhiteElo "2098"]
[BlackElo "1963"]
[WhiteFideId "4699084"]
[BlackFideId "24645990"]
[EventDate "2011.07.23"]

1. e4 c5 2. c4 Nc6 3. Ne2 Nf6 4. Nbc3 d6 5. d4 cxd4 6. Nxd4 g6 7. Be2 Bg7 8. Be3
O-O 9. O-O a6 10. Qd2 Nxd4 11. Bxd4 Be6 12. f3 Qa5 13. a3 Rfc8 14. b4 Qh5 15.
Rac1 Bxc4 16. Bxc4 Rxc4 17. Bxf6 Bxf6 18. Nd5 Rac8 19. Rxc4 Rxc4 20. Nxf6+ exf6
21. Qxd6 Qe5 22. Qxe5 1/2-1/2

[Event "Sparkassen Open A"]
[Site "Dortmund GER"]
[Date "2011.07.29"]
[Round "7.26"]
[White "Virnyi, Julius"]
[Black "Eckert, Marius"]
[Result "1/2-1/2"]
[WhiteElo "2081"]
[BlackElo "1894"]
[WhiteFideId "24650919"]
[BlackFideId "12922234"]
[EventDate "2011.07.23"]

1. d4 f5 2. e4 e6 3. exf5 exf5 4. Bd3 d5 5. Nf3 Nf6 6. O-O Be7 7. c4 c6 8. Nc3
O-O 9. Re1 Ne4 10. Qb3 Nxc3 11. bxc3 Bf6 12. Ba3 Re8 13. Rxe8+ 1/2-1/2

[Event "Sparkassen Open A"]
[Site "Dortmund GER"]
[Date "2011.07.29"]
[Round "7.27"]
[White "Zimmermann, Dirk"]
[Black "Henrotte, Nils"]
[Result "1/2-1/2"]
[WhiteElo "2075"]
[BlackElo "1951"]
[WhiteFideId "4677498"]
[BlackFideId "12923311"]
[EventDate "2011.07.23"]

1. d4 Nf6 2. c4 e6 3. Nf3 d5 4. Nc3 Nbd7 5. Bg5 c6 6. e3 Qa5 7. Nd2 dxc4 8. Bxf6
Nxf6 9. Nxc4 Qg5 10. a3 Be7 11. Qf3 Bd7 12. Ne5 Rf8 13. Bd3 h5 14. h4 Qh6 15. b4
Rc8 16. Ke2 Bd6 17. Nxd7 Nxd7 18. Ne4 Be7 19. Qg3 f5 20. Nd6+ Bxd6 21. Qxd6 f4
22. exf4 Rxf4 23. f3 Rf6 24. Qg3 Nb6 25. Qg5 Nd5 26. Qxh6 Rxh6 27. Kf2 Kf7 28.
Rae1 Rhh8 29. Re5 Rcd8 30. Bc4 Rd6 31. Rhe1 g6 32. Bxd5 cxd5 33. Rc1 Rc6 34.
Rxc6 bxc6 35. Re3 a5 36. bxa5 Ra8 37. g4 Rxa5 38. gxh5 gxh5 39. Rd3 1/2-1/2

[Event "Sparkassen Open A"]
[Site "Dortmund GER"]
[Date "2011.07.29"]
[Round "7.31"]
[White "Schuetzhold, Frank"]
[Black "Meyer, Michael"]
[Result "1/2-1/2"]
[WhiteElo "1908"]
[BlackElo "2083"]
[WhiteFideId "4624980"]
[BlackFideId "12926744"]
[EventDate "2011.07.23"]

1. b3 Nf6 2. Bb2 g6 3. e4 d6 4. g3 Bg7 5. Bg2 O-O 6. Ne2 e5 7. O-O Re8 8. c4 c5
9. Nbc3 Nc6 10. h3 Nd4 11. Kh2 Rb8 12. d3 a6 13. a4 Bd7 14. Bc1 b5 15. axb5 axb5
16. Nxd4 cxd4 17. Nd5 bxc4 18. Nxf6+ Bxf6 19. bxc4 Bg7 20. Qc2 f5 21. f3 g5 22.
g4 f4 23. Ba3 Qc7 24. Qa2 Be6 25. Rfb1 Bf8 26. Rxb8 Rxb8 27. Rb1 Kf7 28. Bf1 Be7
29. Be2 Qa7 30. Rxb8 Qxb8 31. Bd1 Qb6 32. Qb2 Qxb2+ 33. Bxb2 Ke8 34. Kg2 Kd7 35.
Kf2 1/2-1/2

[Event "Sparkassen Open A"]
[Site "Dortmund GER"]
[Date "2011.07.29"]
[Round "7.33"]
[White "Schmidt, Kai-Uwe"]
[Black "Ditmas, Hugh"]
[Result "1-0"]
[WhiteElo "2050"]
[BlackElo "1912"]
[WhiteFideId "4608755"]
[BlackFideId "1270666"]
[EventDate "2011.07.23"]

1. d4 Nf6 2. c4 e6 3. Nc3 Bb4 4. e3 O-O 5. Bd3 d5 6. Ne2 b6 7. cxd5 exd5 8. a3
Bd6 9. b4 Bb7 10. Ng3 Re8 11. Qc2 Bf8 12. O-O Nbd7 13. Rb1 g6 14. f3 Bg7 15. a4
Nf8 16. Bd2 Ne6 17. b5 Rc8 18. a5 Bf8 19. Qa4 Bd6 20. Na2 c5 21. bxc6 Bxc6 22.
Bb5 Bxb5 23. Rxb5 Rc4 24. Qd1 Qd7 25. Rb2 b5 26. Bb4 a6 27. Qd3 Qe7 28. Be1 Nd8
29. Bf2 Nb7 30. Rc2 Qc7 31. e4 dxe4 32. fxe4 Ng4 33. e5 Bf8 34. Ne4 Kg7 35. h3
Nxf2 36. Rcxf2 Nd8 37. Nac3 Qd7 38. Nf6 Rxd4 39. Nxe8+ 1-0

[Event "Sparkassen Open A"]
[Site "Dortmund GER"]
[Date "2011.07.29"]
[Round "7.35"]
[White "Freise, Eckhard"]
[Black "Henkemeier, Michael"]
[Result "0-1"]
[WhiteElo "2032"]
[BlackElo "1917"]
[WhiteFideId "4652193"]
[BlackFideId "24611379"]
[EventDate "2011.07.23"]

1. d4 c6 2. c4 Nf6 3. Nf3 d5 4. Qc2 g6 5. g3 Bg7 6. Bg2 O-O 7. O-O Bf5 8. Qb3
Qb6 9. Na3 dxc4 10. Qxc4 Nbd7 11. Ng5 h6 12. e4 Bg4 13. h3 hxg5 14. hxg4 e5 15.
d5 cxd5 16. exd5 Rac8 17. Qe2 e4 18. Bxg5 Nxd5 19. Qxe4 N5f6 20. Qe2 Rfe8 21.
Qb5 Qxb5 22. Nxb5 Rc5 23. Bxf6 Bxf6 24. Nd6 Re2 25. Nxb7 Rcc2 26. Rad1 Ne5 27.
Nd6 Rxb2 28. Bd5 Nxg4 29. Bxf7+ Kf8 30. Bc4 Rxf2 31. Rxf2 Nxf2 32. Rd5 Ng4 33.
Bb3 Rb1+ 34. Kg2 Ne3+ 35. Kf3 Nxd5 36. Bxd5 Rd1 0-1

[Event "Sparkassen Open A"]
[Site "Dortmund GER"]
[Date "2011.07.29"]
[Round "7.36"]
[White "Puetter, Pascal"]
[Black "Morgenroth, Hubertus"]
[Result "1/2-1/2"]
[WhiteElo "1965"]
[BlackElo "1829"]
[WhiteFideId "1271567"]
[BlackFideId "12922269"]
[EventDate "2011.07.23"]

1. e4 e5 2. Nf3 Nc6 3. Bb5 a6 4. Ba4 Nf6 5. Qe2 b5 6. Bb3 Bc5 7. c3 O-O 8. O-O
d6 9. h3 Bb7 10. d3 h6 11. Be3 Bxe3 12. fxe3 Na5 13. Bc2 c5 14. Nbd2 c4 15. d4
Nc6 16. Qf2 Nh5 17. g4 Nf6 18. Nh4 Ne7 19. Qg3 Qd7 20. Nf5 Nxf5 21. Rxf5 Nh7 22.
Raf1 Rae8 23. d5 Bc8 24. R5f2 1/2-1/2

[Event "Sparkassen Open A"]
[Site "Dortmund GER"]
[Date "2011.07.29"]
[Round "7.38"]
[White "Maniocha, Marek"]
[Black "Elefteriadis, Paul-Gabriel"]
[Result "1-0"]
[WhiteElo "2052"]
[BlackElo "1905"]
[WhiteFideId "4636821"]
[BlackFideId "24626236"]
[EventDate "2011.07.23"]

1. d4 Nf6 2. Nf3 e6 3. c3 c5 4. e3 b6 5. Nbd2 Bb7 6. Bd3 Be7 7. O-O O-O 8. e4 d6
9. Re1 Nc6 10. Qe2 cxd4 11. Nxd4 Rc8 12. N2f3 Ne5 13. Bc2 a6 14. Bg5 Qc7 15.
Rad1 Rfd8 16. Nd2 h6 17. Bh4 b5 18. a3 Qb6 19. Kh1 Nc6 20. N2b3 Rd7 21. Nxc6
Qxc6 22. Nd4 Qc7 23. Bg3 Qd8 24. Rd2 d5 25. e5 Ne4 26. Qd3 Bh4 27. Rde2 Qg5 28.
Kg1 Bxg3 29. hxg3 Rdc7 30. Re3 g6 31. Nf3 Qe7 32. Nh2 Qd7 33. Bb1 a5 34. Ng4 h5
35. Nf6+ Nxf6 36. exf6 Qd8 37. Rxe6 fxe6 38. Qxg6+ Kf8 39. Qh6+ Kg8 40. Re5 Kf7
41. Qg7+ Ke8 42. Bg6+ 1-0

[Event "Sparkassen Open A"]
[Site "Dortmund GER"]
[Date "2011.07.29"]
[Round "7.39"]
[White "Oberste, Norbert"]
[Black "Merkel, Markus"]
[Result "0-1"]
[WhiteElo "1865"]
[BlackElo "2197"]
[WhiteFideId "24608432"]
[BlackFideId "4675657"]
[EventDate "2011.07.23"]

1. f4 d5 2. e3 Nf6 3. Nf3 g6 4. d4 Bg7 5. Bd3 c5 6. c3 Bf5 7. Bb5+ Nbd7 8. Na3
a6 9. Bd3 Bxd3 10. Qxd3 O-O 11. O-O Ne4 12. Bd2 Ndf6 13. Ne5 c4 14. Qe2 Nd6 15.
Nc2 Nfe4 16. Be1 Qc7 17. Nb4 e6 18. a3 Rae8 19. Qc2 a5 20. Na2 f6 21. Nf3 Kh8
22. Nd2 e5 23. Rf3 exf4 24. exf4 Rf7 25. Nf1 Rfe7 26. Bg3 Nf5 27. Rd1 h5 28. Bf2
Bh6 29. g3 Kg7 30. Ne3 Nxe3 31. Rxe3 Kf7 32. Nc1 Nd6 33. Rde1 Rxe3 34. Rxe3 Rxe3
35. Bxe3 Qe7 36. Qe2 Qe4 37. Qd2 Nf5 38. Bf2 Nd6 39. Ne2 Qb1+ 40. Qc1 Qe4 41.
Qe3 Qb1+ 42. Qc1 Qd3 43. Kf1 Ne4 44. Qe3 Qb1+ 45. Qc1 Nd2+ 46. Kg1 Qd3 47. Qe1
Nf3+ 0-1

[Event "Sparkassen Open A"]
[Site "Dortmund GER"]
[Date "2011.07.29"]
[Round "7.43"]
[White "Schaller, Fabian"]
[Black "Simanowski, Mio"]
[Result "1/2-1/2"]
[WhiteElo "1944"]
[BlackElo "1833"]
[WhiteFideId "12910422"]
[BlackFideId "24687154"]
[EventDate "2011.07.23"]

1. e4 e5 2. d4 exd4 3. Nf3 Nc6 4. Nxd4 Nf6 5. Nxc6 bxc6 6. e5 Nd5 7. c4 Nb6 8.
Bd3 Bb4+ 9. Bd2 Bxd2+ 10. Nxd2 d6 11. exd6 cxd6 12. O-O O-O 13. Qc2 h6 14. f4
Nd7 15. Kh1 Nc5 16. Be2 Qf6 17. f5 Re8 18. Rae1 Re5 19. Bg4 Rxe1 20. Rxe1 Bd7
21. Rf1 Qg5 1/2-1/2

[Event "Sparkassen Open A"]
[Site "Dortmund GER"]
[Date "2011.07.29"]
[Round "7.48"]
[White "Bosshard, Rolf"]
[Black "Deinert, Wolfgang"]
[Result "1-0"]
[WhiteElo "1842"]
[BlackElo "1843"]
[WhiteFideId "1310283"]
[BlackFideId "4685229"]
[EventDate "2011.07.23"]

1. Nf3 d5 2. b3 Nf6 3. Bb2 e6 4. e3 Be7 5. d4 Nbd7 6. Bd3 O-O 7. Nbd2 c5 8. O-O
b6 9. Qe2 Qc7 10. Rac1 Bb7 11. c4 Ba6 12. Rfd1 Rac8 13. e4 dxe4 14. Nxe4 Bb7 15.
Nfg5 Nxe4 16. Nxe4 Qf4 17. dxc5 Nxc5 18. Nxc5 Rxc5 19. Qd2 Qxd2 20. Rxd2 Bg5 21.
Rcd1 Bxd2 22. Rxd2 Rfc8 23. Be2 Rg5 24. f3 h5 25. Rd7 Bc6 26. Rxa7 b5 27. Bc1
Re5 28. Kf2 bxc4 29. Bxc4 Bd5 30. Bb2 Rf5 31. Bd3 Rg5 32. h4 Rf5 33. Bxf5 exf5
34. Be5 Rc2+ 35. Kg3 Re2 36. Bf4 Kh7 37. Rd7 Be6 38. Rd2 Re1 39. Rb2 Ra1 40. Bd6
Rh1 41. b4 g5 42. hxg5 h4+ 43. Kf4 Kg6 44. Be7 Rh2 45. a3 h3 46. Kg3 Rxg2+ 47.
Rxg2 hxg2 48. Kxg2 f4 49. b5 Bc4 50. b6 Ba6 51. Kh3 Kf5 52. a4 Ke6 53. Bf6 Kf5
54. a5 Bb7 55. Kh4 Ba6 56. Kh5 Bb7 57. Kh6 1-0

[Event "Sparkassen Open A"]
[Site "Dortmund GER"]
[Date "2011.07.30"]
[Round "8.1"]
[White "De Schampheleire, Glen"]
[Black "Zaitsev, Mikhail"]
[Result "0-1"]
[WhiteTitle "FM"]
[BlackTitle "IM"]
[WhiteElo "2263"]
[BlackElo "2499"]
[WhiteFideId "208701"]
[BlackFideId "4127560"]
[EventDate "2011.07.23"]

1. d4 d5 2. c4 c5 3. cxd5 Nf6 4. e4 Nxe4 5. dxc5 Nxc5 6. Nf3 e6 7. Nc3 Be7 8. d6
Qxd6 9. Qxd6 Bxd6 10. Nb5 Ke7 11. Nxd6 Kxd6 12. Be3 b6 13. b4 Ne4 14. Rc1 Nf6
15. Bf4+ Ke7 16. Nd4 Bd7 17. b5 Nd5 18. Bg3 a6 19. bxa6 Nxa6 20. Bc4 Nab4 21.
O-O Rhc8 22. Rfe1 g6 23. Bb3 Rc5 24. Red1 Nc3 25. Rd2 Nbd5 26. h3 Ba4 27. Bh4+
Kd7 28. Nf3 Bxb3 29. axb3 Ra2 30. Ne5+ Ke8 31. Rxa2 Nxa2 32. Nc4 b5 33. Nd6+ Kf8
34. Ra1 Rc1+ 35. Rxc1 Nxc1 36. Nxb5 Nxb3 37. Nd6 f6 38. f3 Ke7 39. Ne4 e5 40.
Bf2 Nf4 41. Bh4 Nd5 42. Bf2 Nc1 43. Ba7 Ne2+ 44. Kf2 Nef4 45. h4 Nd3+ 46. Ke2
N5f4+ 47. Kf1 Ne6 48. Ke2 Ndf4+ 49. Kf1 f5 50. Nc3 Nd8 51. Be3 Nfe6 52. Nd5+ Kf7
53. g3 Nc6 54. Kf2 Nf8 55. Bc1 Nd7 56. Ba3 Nd4 57. Bb2 Nb5 58. Ne3 Ke6 59. Ke2
Nd6 60. Bc3 Nf6 61. Bb2 Nb5 62. Kf2 0-1

[Event "Sparkassen Open A"]
[Site "Dortmund GER"]
[Date "2011.07.30"]
[Round "8.5"]
[White "Rott, Georg"]
[Black "Richters, Marc"]
[Result "0-1"]
[WhiteElo "2223"]
[BlackElo "1969"]
[WhiteFideId "4633393"]
[BlackFideId "24612332"]
[EventDate "2011.07.23"]

1. e4 d6 2. d4 Nf6 3. Nc3 g6 4. Bf4 Bg7 5. Qd2 c6 6. Bh6 Bxh6 7. Qxh6 Qa5 8. Bd3
b5 9. Nf3 b4 10. Ne2 Bg4 11. Nd2 Nbd7 12. f3 Be6 13. Qg7 Rg8 14. Qh6 g5 15. g4
Rg6 16. Qh3 h5 17. e5 hxg4 18. fxg4 Bxg4 19. Qg2 dxe5 20. Bxg6 fxg6 21. Qxc6 Qd8
22. dxe5 Rc8 23. Qa4 Nd5 24. Nd4 Qb6 25. N2b3 Qc7 26. O-O Qxe5 27. Rae1 Qd6 28.
Qxa7 Nf4 29. Qb7 Nc5 30. Qb5+ Bd7 31. Qxb4 Nh3+ 32. Kg2 Qd5+ 33. Kg3 Ne4+ 34.
Kf3 Nd2+ 35. Ke2 Nxf1 36. Rxf1 Qg2+ 37. Ke1 Qxh2 38. Qd2 Qd6 39. Nf3 Qg3+ 40.
Kd1 Bb5 41. Qe1 Qd6+ 42. Kc1 Bxf1 43. Qxf1 Qf4+ 44. Kb1 g4 45. Qb5+ Kf7 46. Ne5+
Kg7 47. Nxg6 Qf6 48. Ne5 Qf2 49. c3 Qf5+ 50. Kc1 Qf4+ 51. Nd2 Rd8 52. Nd3 Qe3
53. Kc2 Nf2 54. Qe5+ Qxe5 55. Nxe5 Kf6 56. Nc6 Rg8 57. a4 g3 58. b4 g2 59. Nf3
Rg3 60. Nce5 Ng4 61. Nxg4+ Rxg4 62. Ng1 Rf4 63. a5 Rf1 64. Nh3 Rh1 65. a6 Rxh3 0-1

[Event "Sparkassen Open A"]
[Site "Dortmund GER"]
[Date "2011.07.30"]
[Round "8.6"]
[White "Quast, Marcel"]
[Black "Steinmetzer, Thomas"]
[Result "0-1"]
[WhiteElo "2173"]
[BlackElo "2083"]
[WhiteFideId "24663476"]
[BlackFideId "4689690"]
[EventDate "2011.07.23"]

1. e4 e5 2. Nf3 Nc6 3. Bc4 Bc5 4. c3 Nf6 5. d3 h6 6. Nbd2 d6 7. Bb3 Be6 8. Bc2
a5 9. Nf1 d5 10. Be3 Qd6 11. Bxc5 Qxc5 12. exd5 Nxd5 13. Ng3 Rd8 14. O-O O-O 15.
Re1 Nf4 16. Qd2 f5 17. d4 Qd6 18. Nxe5 Nxg2 19. Kxg2 Nxe5 20. Qf4 Nd3 21. Qxd6
Nxe1+ 22. Rxe1 Rxd6 23. Re5 Bd5+ 24. f3 g6 25. Ne2 Bc4 26. Nf4 b6 27. b3 Bf7 28.
Nd3 Re8 29. Kf2 c5 30. Rxe8+ Bxe8 31. dxc5 bxc5 32. Ke3 Re6+ 33. Kf2 Rc6 34. h4
Kg7 35. Ne5 Rc7 36. Nc4 Ra7 37. a4 Kf6 38. f4 Bf7 39. Ne3 Rb7 40. c4 Rd7 41. h5
gxh5 42. Bxf5 Rd2+ 43. Kg3 Re2 0-1

[Event "Sparkassen Open A"]
[Site "Dortmund GER"]
[Date "2011.07.30"]
[Round "8.7"]
[White "Mundorf, Johannes"]
[Black "Albers, Damian"]
[Result "1/2-1/2"]
[WhiteElo "2024"]
[BlackElo "2091"]
[WhiteFideId "24672491"]
[BlackFideId "4695186"]
[EventDate "2011.07.23"]

1. Nf3 Nf6 2. g3 g6 3. b3 Bg7 4. Bb2 O-O 5. Bg2 c5 6. c4 Nc6 7. O-O d5 8. cxd5
Nb4 9. Nc3 Nfxd5 10. a3 Nxc3 1/2-1/2